Normal view
MARC view
Entry Personal Name
001 - CONTROL NUMBER
- control field: 24302
003 - CONTROL NUMBER IDENTIFIER
- control field: OSt
005 - DATE AND TIME OF LATEST TRANSACTION
- control field: 20210621142806.0
008 - FIXED-LENGTH DATA ELEMENTS
- fixed length control field: 210621|| aca||aabn | a|a d
040 ## - CATALOGING SOURCE
- Original cataloging agency: OSt
- Transcribing agency: OSt
100 ## - HEADING--PERSONAL NAME
- Personal name: Kumar, Avinash. and Hashmi, Nazia Iqbal
670 ## - SOURCE DATA FOUND
- Source citation: Work cat.: (OSt)515835: Kumar, Avinash. and Hashmi, Nazia Iqbal, Labour market discrimination in India
